20 Biggest Cities in Every South American Country with a Map - Statistics

General Stats
  • This quiz has been taken 9 times
  • The average score is 98 of 260
Answers on the Map
Answers color-coded by a green-red scale on the quiz's map according to % correct below.
 
Answer Stats
Country City Population % Correct
Paraguay Asuncion 452,865
100%
Colombia Barranquilla 1,275,854
100%
Brazil Belem 1,409,651
100%
Colombia Bello 609,168
100%
Brazil Belo Horizonte 2,434,975
100%
Colombia Bogota 7,945,996
100%
Brazil Brasilia 3,043,900
100%
Argentina Buenos Aires 15,172,700
100%
Colombia Cali 2,269,983
100%
Venezuela Caracas 2,087,700
100%
Colombia Cartagena 1,010,995
100%
Peru Cusco 522,320
100%
Brazil Fortaleza 2,609,729
100%
Bolivia La Paz 757,431
100%
Peru Lima 12,003,443
100%
Colombia Medellin 2,526,795
100%
Ecuador Quito 1,763,275
100%
Brazil Recife 1,598,694
100%
Brazil Rio de Janeiro 6,772,868
100%
Brazil Salvador 2,593,321
100%
Chile Santiago 5,220,161
100%
Brazil Sao Paulo 12,005,878
100%
Bolivia Sucre 305,012
100%
French Guiana (France) Cayenne 61,678
86%
Argentina Córdoba 1,612,100
86%
Guyana Georgetown 118,363
86%
Ecuador Guayaquil 2,650,288
86%
French Guiana (France) Mana 10,778
86%
Brazil Manaus 2,341,723
86%
Venezuela Maracaibo 2,262,600
86%
Uruguay Montevideo 1,319,108
86%
Suriname Paramaribo 240,924
86%
Brazil Porto Alegre 1,397,153
86%
Argentina Rosario 1,339,500
86%
Brazil Sao Luis 1,104,099
86%
Chile Antofagasta 352,638
71%
Peru Arequipa 1,188,831
71%
Venezuela Barquisimeto 1,089,100
71%
Brazil Campinas 1,201,814
71%
Venezuela Ciudad Guayana 893,400
71%
Bolivia Cochabamba 674,128
71%
Chile Concepción 219,057
71%
Brazil Curitiba 1,852,299
71%
Bolivia El Alto 894,833
71%
Brazil Goiania 1,523,855
71%
Brazil Guarulhos 1,368,784
71%
Peru Iquitos 452,836
71%
Argentina La Plata 852,800
71%
Brazil Maceio 1,008,806
71%
Argentina Mar del Plata 626,300
71%
Guyana New Amsterdam 17,329
71%
Argentina Salta 644,400
71%
Uruguay Salto 104,028
71%
Argentina San Miguel de Tucumán 902,200
71%
Bolivia Santa Cruz de la Sierra 1,647,330
71%
Argentina Santa Fe 540,200
71%
Brazil Teresina 917,154
71%
Peru Trujillo 1,129,355
71%
Venezuela Valencia 1,585,500
71%
Chile Valparaíso 252,888
71%
Venezuela Barcelona 454,200
57%
Colombia Bucaramanga 618,548
57%
Brazil Campo Grande 977,305
57%
Venezuela Ciudad Bolívar 425,000
57%
Paraguay Ciudad del Este 351,717
57%
Colombia Ibague 557,317
57%
Chile Iquique 189,065
57%
Brazil Joao Pessoa 909,771
57%
Guyana Linden 27,277
57%
Argentina Mendoza 1,053,500
57%
Chile Puente Alto 568,094
57%
Argentina San Juan 512,000
57%
Brazil Sao Goncalo 970,217
57%
Chile Arica 204,078
43%
Argentina Bahía Blanca 299,000
43%
Peru Cajamarca 242,196
43%
Peru Chiclayo 696,106
43%
Colombia Cucuta 792,180
43%
Ecuador Durán 295,211
43%
Uruguay Florida 33,640
43%
Peru Huancayo 476,971
43%
Peru Ica 362,426
43%
Peru Juliaca 346,068
43%
Chile La Serena 196,178
43%
Uruguay Maldonado 86,782
43%
Venezuela Maracay 464,700
43%
Venezuela Maturín 508,200
43%
Uruguay Mercedes 41,975
43%
Suriname Nieuw Amsterdam 5,650
43%
Suriname Nieuw Nickerie 12,818
43%
Bolivia Oruro 305,724
43%
Colombia Pasto 404,775
43%
Peru Piura 609,909
43%
Chile Puerto Montt 171,136
43%
Uruguay Rivera 78,900
43%
French Guiana (France) Saint-Laurent-du-Maroni 60,107
43%
Ecuador Santo Domingo de los Colorados 334,826
43%
Peru Tacna 363,022
43%
Chile Talca 237,295
43%
Peru Tarapoto 185,781
43%
Chile Temuco 236,377
43%
Uruguay Treinta y Tres 33,458
43%
Bolivia Trinidad 133,629
43%
Colombia Valledupar 629,217
43%
Chile Viña del Mar 334,248
43%
Uruguay Artigas 43,567
29%
French Guiana (France) Awala-Yalimapo 1,676
29%
Peru Ayacucho 258,645
29%
Guyana Bartica 8,004
29%
Chile Calama 158,487
29%
Argentina Catamarca 222,100
29%
Chile Chillán 164,574
29%
Peru Chimbote 419,890
29%
Uruguay Ciudad de la Costa 112,449
29%
Chile Coquimbo 205,760
29%
Argentina Corrientes 393,200
29%
Ecuador Cuenca 361,524
29%
Suriname De Nieuwe Grond 26,161
29%
Uruguay Durazno 35,466
29%
Ecuador Esmeraldas 155,487
29%
Argentina Formosa 254,900
29%
Peru Huanuco 236,367
29%
Ecuador Ibarra 157,941
29%
French Guiana (France) Iracoubo 1,600
29%
French Guiana (France) Kourou 24,638
29%
Ecuador La Libertad 112,154
29%
Suriname Lelydorp 18,663
29%
Ecuador Loja 203,496
29%
Paraguay Luque 282,348
29%
Ecuador Manta 258,697
29%
French Guiana (France) Matoury 38,790
29%
Venezuela Mérida 289,800
29%
Colombia Monteria 585,029
29%
Colombia Neiva 408,218
29%
Argentina Neuquén 395,600
29%
Suriname Onverwacht 6,113
29%
French Guiana (France) Papaichton 4,511
29%
Uruguay Paysandú 90,690
29%
Colombia Pereira 487,820
29%
Argentina Posadas 361,400
29%
Bolivia Potosi 224,592
29%
Peru Pucallpa 434,055
29%
French Guiana (France) Régina 2,752
29%
French Guiana (France) Remire-Montjoly 28,753
29%
French Guiana (France) Saint-Georges 5,428
29%
Uruguay San Carlos 27,471
29%
Venezuela San Cristóbal 284,600
29%
Paraguay San Lorenzo 229,856
29%
Argentina San Salvador de Jujuy 353,200
29%
Colombia Santa Marta 588,662
29%
Argentina Santiago del Estero 401,800
29%
French Guiana (France) Saül 452
29%
Colombia Soacha 895,878
29%
Colombia Soledad 733,597
29%
Uruguay Tacuarembó 54,757
29%
Bolivia Tarija 246,361
29%
Chile Valdivia 150,727
29%
Colombia Villavicencio 588,645
29%
Venezuela Acarigua 356,700
14%
Ecuador Ambato 177,316
14%
French Guiana (France) Apatou 10,917
14%
Paraguay Aregua 85,862
14%
Ecuador Babahoyo 98,251
14%
Guyana Baramita 4,000
14%
Venezuela Barinas 356,800
14%
Uruguay Barros Blancos 31,650
14%
Venezuela Cabimas 299,700
14%
Ecuador Calderón 249,941
14%
French Guiana (France) Camopi 2,481
14%
Paraguay Capiata 258,248
14%
Peru Chincha Alta 243,242
14%
Uruguay Ciudad del Plata 31,146
14%
Bolivia Colcapirhua 69,524
14%
Uruguay Colonia del Sacramento 26,231
14%
Chile Copiapó 150,962
14%
Paraguay Coronel Oviedo 71,797
14%
Guyana Corriverton 11,386
14%
Bolivia Cotoca 117,815
14%
Venezuela Cumaná 384,900
14%
Paraguay Encarnacion 88,239
14%
Paraguay Fernando de la Mora 109,606
14%
French Guiana (France) Grand-Santi 10,318
14%
Paraguay Hernandarias 80,267
14%
Suriname Houttuin 15,656
14%
Peru Huacho 176,703
14%
Paraguay Itaugua 73,257
14%
Ecuador La Aurora/San Antonio) 116,593
14%
Bolivia La Guardia 161,232
14%
Paraguay Lambare 128,674
14%
Uruguay Las Piedras 71,268
14%
Paraguay Limpio 158,929
14%
Ecuador Machala 288,072
14%
French Guiana (France) Macouria 22,918
14%
Guyana Mahaica 4,867
14%
Colombia Manizales 475,690
14%
Paraguay Mariano Roque Alonso 89,790
14%
French Guiana (France) Maripasoula 7,927
14%
Suriname Meerzorg 12,405
14%
Uruguay Melo 53,245
14%
Ecuador Milagro 159,970
14%
Uruguay Minas 38,446
14%
Paraguay Minga Guazu 82,544
14%
Suriname Moengo 10,834
14%
Bolivia Montero 130,743
14%
French Guiana (France) Montsinéry-Tonnegrande 4,252
14%
Paraguay Nemby 128,148
14%
Colombia Palmira 382,703
14%
Argentina Paraná 290,500
14%
Guyana Parika 4,385
14%
Paraguay Pedro Juan Caballero 128,987
14%
Ecuador Portoviejo 244,129
14%
Paraguay Presidente Franco 98,134
14%
Venezuela Puerto La Cruz 299,500
14%
Ecuador Quevedo 177,792
14%
Bolivia Quillacollo 172,934
14%
Chile Quilpué 149,596
14%
Chile Rancagua 231,890
14%
Argentina Resistencia 432,800
14%
Bolivia Riberalta 115,001
14%
Ecuador Riobamba 177,213
14%
Guyana Rose Hall 4,433
14%
French Guiana (France) Roura 3,452
14%
Bolivia Sacaba 228,931
14%
Chile San Bernardo 291,610
14%
Uruguay San José de Mayo 36,747
14%
French Guiana (France) Sinnamary 2,678
14%
Peru Sullana 220,092
14%
Bolivia Viacha 120,894
14%
Paraguay Villa Elisa 75,716
14%
Bolivia Villa Tunari 98,919
14%
Bolivia Warnes 163,718
14%
Bolivia Yacuiba 99,570
14%
Paraguay Ypane 81,468
14%
Venezuela Baruta 309,400
0%
Guyana Better Hope 4,491
0%
Guyana Buxton 2,973
0%
Ecuador Conocoto 121,984
0%
Guyana Crabwood Creek 4,459
0%
Suriname Domburg 5,661
0%
Venezuela Guarenas 244,600
0%
Suriname Jarikaba 5,963
0%
Suriname Koewarasan 27,713
0%
Guyana Kuru Kururu 4,491
0%
Suriname Kwatta 14,151
0%
Guyana La Grange 3,000
0%
Suriname Mariënburg 5,561
0%
Guyana Met-en-Meerzorg 3,910
0%
Guyana Nonpareil 2,946
0%
Suriname Oostelijke Polders 7,153
0%
Suriname Para Noord 9,703
0%
Venezuela Petare 441,700
0%
Suriname Saramacca Polder 10,217
0%
Suriname Smal-Kalden-Paranam 8,016
0%
Suriname Tamanredjo 6,601
0%
Guyana Triumph 3,788
0%
Venezuela Turmero 379,500
0%
Guyana Tuschen 8,286
0%
Guyana Uitvlugt 2,980
0%
Guyana Victoria 2,912
0%
Suriname Westelijke Polders 8,616
0%
No matching quizzes found
Score Distribution
Percent of People with Each Score
Percentile by Number Answered
Your Score History
You have not taken this quiz